|
|
|
|
| LEADER |
01162nas a2200289 4500 |
| 001 |
c000153970 |
| 003 |
CARM |
| 005 |
20020205155314.0 |
| 008 |
660112d1904uuuuxx uu a 0uuua0ger d |
| 019 |
1 |
|
|a 5141198
|5 LACONCORD2021
|
| 035 |
|
|
|a (OCoLC)1641305
|5 LACONCORD2021
|
| 040 |
|
|
|a DNLM
|c DNLM
|
| 060 |
0 |
0 |
|a ZQS 4
|b Z57
|
| 245 |
0 |
0 |
|a Zentralblatt fur normale Anatomie und Mikrotechnik.
|
| 260 |
|
|
|a Berlin.
|
| 300 |
|
|
|a 11 v. in 7.
|
| 362 |
0 |
|
|a Bd. 1-11; 1904-14.
|
| 550 |
0 |
|
|a Issued for 1904 have title: Zentralblatt fur normale und pathologische Anatomie mit Einschluss der Mikrotechnik.
|
| 650 |
|
2 |
|a Microscopy
|x abstracts
|
| 650 |
|
2 |
|a Anatomy
|x abstracts
|
| 852 |
8 |
|
|b CARM
|h A2:AJ10E0
|i C03379
|p 0130715
|f SE
|
| 852 |
8 |
|
|b CARM
|h A2:AJ10E0
|i C03380
|p 0130716
|f SE
|
| 866 |
|
0 |
|a 1(1904)-11(1914)
|
| 866 |
|
0 |
|a 1(1904)-11(1914)
|
| 999 |
f |
f |
|i 9ab77a72-a9d0-5621-b7a2-93895a7dc247
|s 167a6c46-d35c-51d9-bee3-c881a352ff10
|
| 952 |
f |
f |
|p Can circulate
|a CAVAL
|b CAVAL
|c CAVAL
|d CARM 1 Store
|e C03380
|f A2:AJ10E0
|h Other scheme
|i book
|k 11(1914)
|m 0130716
|
| 952 |
f |
f |
|p Can circulate
|a CAVAL
|b CAVAL
|c CAVAL
|d CARM 1 Store
|e C03379
|f A2:AJ10E0
|h Other scheme
|i book
|k 1(1904)-10(1913)
|m 0130715
|